| 000 | 00360cam a2200145ua 4500 | ||
|---|---|---|---|
| 041 |
_aeng _h |
||
| 082 |
_a823.308 _bKEL/CA |
||
| 100 | _aYTerns, Kelly . | ||
| 245 |
_aCarib sands / _cTernce,Kelly. _hTextual Documents |
||
| 260 |
_aLondon : _bMacMillan and Company Limited , _c1964. |
||
| 300 | _a268 ; . | ||
| 504 | _a | ||
| 942 | _cBK | ||
| 999 |
_c12343 _d12343 |
||